Sulla setta degli Svabhavavadinah / (Record no. 120595)

MARC details
000 -LEADER
campo de control de longitud fija 00637nam a2200169 i 4500
001 - NÚMERO DE CONTROL
campo de control 120595
003 - IDENTIFICADOR DE NÚMERO DE CONTROL
campo de control ES-MaACL
005 - FECHA Y HORA DE LA ÚLTIMA TRANSACCIÓN
campo de control 20230906191601.0
007 - CAMPO FIJO DE DESCRIPCIÓN FÍSICA--INFORMACIÓN GENERAL
campo de control de longitud fija t|
008 - DATOS DE LONGITUD FIJA--INFORMACIÓN GENERAL
campo de control de longitud fija 070214s1913 it r ||||1| ita d
100 1# - ENTRADA PRINCIPAL--NOMBRE DE PERSONA
Nombre de persona Pizzagalli, Angelo Maria.
9 (RLIN) 92459
245 10 - MENCIÓN DEL TÍTULO
Título Sulla setta degli Svabhavavadinah /
Mención de responsabilidad, etc. nota A. M. Pizzagalli.
260 ## - PUBLICACIÓN, DISTRIBUCIÓN, ETC.
Lugar de publicación, distribución, etc. Pavia :
Nombre del editor, distribuidor, etc. [s. n.],
Fecha de publicación, distribución, etc. 1913 (
Fabricante Tip. Succ. fratelli Furi)
300 ## - DESCRIPCIÓN FÍSICA
Extensión P. [104]-112 ;
Dimensiones 25 cm.
595 ## -
-- Separata de: Rendiconti del Reale Istituto lombardo di scienze e lettere, vol. 46, fasc. 2, adunanza del 16 gennaio 1913.
852 ## - LOCALIZACIÓN
Ubicación ES-MaACL
Número de control de estantería T-1324-F-2
Nota libre .- Ded. manuscrita del autor
Holdings
Estatus retirado Estado de pérdida Estado de daño No para préstamo Colección Biblioteca de origen Biblioteca actual Ubicación en estantería Fecha de adquisición Fuente de adquisición Total de préstamos Signatura topográfica completa Código de barras Visto por última vez Precio de reemplazo Tipo de ítem Koha
        Colección de folletos Biblioteca del Ateneo de Madrid Biblioteca del Ateneo de Madrid Depósito folletos 17/01/2008     T-1324-F-2 1125700 23/02/2023 23/02/2023 Folleto